000 01077nam a22002777a 4500
001 3240
003 FISKH
005 20250815132143.0
008 240221b cb ||||| |||| 00| 0 eng d
020 _a9789814281348
040 _aFISKH
_beng
_cFISKH
_dFISKH
050 _a398.20948
100 _aRandell, Beveley
245 _aThe bear and the trolls /
_cby Randell, Beverley ; illustrated by Madder, Sharyn
250 _aFirst published in 2000
260 _aSouth Melbourne :
_bNelson Price Milburn ,
_c2000
300 _a32 pages :
_bcolor illustrations ;
_c21 cm .
505 _aJ
520 _aThis story is a retelling of 'The Cat on the Dovrefell' (from 'Popular Tales' from the 'Norse' by Asbjorsen and Moe, translated 1859). The trolls of Norwegian folklore were highly mischievous and this traditional tale captures their character. Set in Norway about 1800.
521 8 _a480
_bLexile
521 8 _aJ
_bRaz-Plus
600 _2bears
_vfiction
650 _atrolls
_vfcition
700 _aMadder, Sharyn
_eillustrator
942 _2ddc
_cBK
_n0
999 _c3240
_d3240